| 000 | 00827cam a2200253 a 4500 | ||
|---|---|---|---|
| 020 | _a0618173870 | ||
| 040 | _cDLC | ||
| 082 | 0 | 0 | _a813 HOU 2002 A092 Or. |
| 100 | 1 | _aFoer, Jonathan Safran, | |
| 245 | 1 | 0 |
_aEverything is illuminated : _ba novel / |
| 260 |
_aBoston : _bHoughton Mifflin Co., _c2002. |
||
| 300 |
_a276 p. : _bill. ; _c24 cm. |
||
| 650 | 0 | _aAmericans | |
| 650 | 0 | _aWorld War, 1939-1945 | |
| 650 | 0 | _aJewish families | |
| 650 | 0 | _aGrandfathers | |
| 650 | 0 | _aNovelists | |
| 650 | 0 | _aYoung men | |
| 856 | 4 | 1 | _uhttp://www.loc.gov/catdir/samples/hm051/2001051610.html |
| 856 | 4 | 2 | _uhttp://www.houghtonmifflinbooks.com/readers_guides/foer/ |
| 856 | 4 | 2 | _uhttp://www.loc.gov/catdir/description/hm021/2001051610.html |
| 856 | 4 | 2 | _uhttp://www.loc.gov/catdir/enhancements/fy0736/2001051610-b.html |
| 942 | _cEK | ||
| 999 |
_c12471 _d12471 |
||